Normal view
MARC view
- VHDL - A DESIGN ORIENTED APPROACH
Entry Topical Term
001 - CONTROL NUMBER
- control field: 61396
003 - CONTROL NUMBER IDENTIFIER
- control field: NUST
005 - DATE AND TIME OF LATEST TRANSACTION
- control field: 20210628202738.0
008 - FIXED-LENGTH DATA ELEMENTS
- fixed length control field: 210628|| aca||aabn | a|a d
040 ## - CATALOGING SOURCE
- Original cataloging agency: NUST
- Transcribing agency: NUST
150 ## - HEADING--TOPICAL TERM
- Topical term or geographic name entry element: VHDL - A DESIGN ORIENTED APPROACH
670 ## - SOURCE DATA FOUND
- Source citation: Work cat.: (NUST): Limaye, S.S 61395, Vhdl a design oriented approach, 2008
